000 01184nam a2200301 a 4500
003 DO-SdBNP
005 20240415092121.0
007 ta
008 150409s2019 dr r 001 0 spa d d
020 _a9789945917536
040 _aDO-SdBNP
_bspa
_cBNPHU
_erda
082 _aF-
_bI59g, 2019
_222
110 2 _aInstituto Tecnológico de Santo Domingo
_978911
245 0 0 _aGuía para el desarrollo del acompañamiento pedagógico de la especialidad en educación inicial
264 _aSanto Domingo :
_bInstituto Tecnológico de Santo Domingo,
_c2019.
300 _a49 paginas :
_c29 cm.
336 _2rdacontent
_atexto
_btxt
337 _2rdamedia
_asin mediación
_bn
338 _2rdacarrier
_avolumen
_bnc
504 _aBibliografía : p. 31-32
505 _tIntroducción 9 -- Fundamentación 11 -- Ruta procedimental para el desarrollo del acompañamiento pedagógico 15 -- Referencias 31
590 _aInventariado, 2022 / DG
650 4 _aFormación profesional de maestros
_977314
_zRepública Dominicana
650 4 _aEducación preescolar
_977315
_zRepública Dominicana
710 2 _aInstituto Tecnológico de Santo Domingo
_978911
910 _aDG
942 _2ddc
_cLF2
999 _c52530
_d52530